| 000 | 00473nam a2200169Ia 4500 | ||
|---|---|---|---|
| 003 | GCL | ||
| 008 | 140319s9999 xx 000 0 ara d | ||
| 040 |
_aGCL / _cGCL |
||
| 082 | 0 | 4 |
_aد _b050 |
| 100 | 1 | _aفتحى رضوان | |
| 245 | 1 | 0 |
_aالاسلام ومشكلات الفكر ( اقرا 377 ) / _cفتحى رضوان |
| 300 | _a206 ص | ||
| 490 |
_aوثائق ونصوص _v0 |
||
| 650 | 0 | 4 | _aالاسلام |
| 650 | 0 | 4 | _aالفكر الاسلامى |
| 942 |
_2ddc _cCF |
||
| 999 |
_c27146 _d27146 |
||